| 000 | 01704nam2a22002771 4500 | ||
|---|---|---|---|
| 001 | rc\4124528 | ||
| 005 | 20250611001904.0 | ||
| 021 |
_aRU _b[55-28012] |
||
| 021 |
_aRU _b[55-26393] |
||
| 035 | _a(NLR Aleph) 007982701 | ||
| 090 |
_a8529713 _c8529713 |
||
| 100 | _a20130415d1955 |||y0rusy50 ca | ||
| 101 | 1 |
_arus _cpol |
|
| 102 | _aRU | ||
| 105 | _ac z |||a| | ||
| 200 | 1 |
_aПовести и рассказы _e[Жилец с чердака; Дворец и лачуга; Сочельник; Проклятое счастье; Сиротская доля; Приключение Стася; Эхо музыки; Михалко; Шарманка; Возвратная волна] |
|
| 210 |
_aМосква _cГослитиздат _d1955 |
||
| 215 | _a31, 472 с., 1 л. портр. | ||
| 461 | 0 |
_1001rc\4124527 _12001#$aСочинения$eВ 5 т.$eПер. с польск.$f[Вступ. статья Е. Цыбенко, с. V-XXXI]. Т. 1-$vТ. 1 _1700#1$aПрус$bБ.$f1847-1912$3RU\NLR\AUTH\7727474$gБолеслав _98529709 _aПрус, Б. (1847-1912) _cМосква _d1955 _f[Вступ. статья Е. Цыбенко, с. V-XXXI]. Т. 1- _nГослитиздат _oВ 5 т. : Пер. с польск. _tСочинения _vТ. 1 |
|
| 464 | 0 |
_12001#$a[Жилец с чердака$aДворец и лачуга$aСочельник$aПроклятое счастье$aСиротская доля$aПриключение Стася$aЭхо музыки$aМихалко$aШарманка$aВозвратная волна] _tВозвратная волна] |
|
| 801 | 0 |
_aRU _bNLR _gpsbo |
|
| 801 | 1 |
_aRU _bELAR _2rusmarc |
|
| 852 |
_aNLR _jЛ60 Г-3/644 |
||
| 942 | _cBOOK | ||
| 980 | _aNB | ||